Humorné krížovky
| Format: | Journal |
|---|---|
| Language: | Slovak |
| PhysicalDescription: | zv. 21 cm |
| Published: |
Prievidza
Subako print s.r.o.
2017-
Prievidza Krížovkársky-raj Bratislava |
| ISSN: | 2454-048X |
| Subjects: |
MARC
| LEADER | 00000cas a2200000 a 4500 | ||
|---|---|---|---|
| 001 | vtls011623890 | ||
| 003 | SK-MaSNL | ||
| 005 | 20260228164427.0 | ||
| 008 | 170418c20179999xo mr|p 0 b0slo | ||
| 022 | |a 2454-048X | ||
| 040 | |a SNK |b slo |c SNK |d SVKPO |e AACR2 | ||
| 041 | 0 | |a slo | |
| 044 | |a xo |c SK | ||
| 072 | 7 | |a 79 |x Rekreácia. Voľný čas. Zábavy. Hry. Šport |2 konspekt | |
| 080 | |a 793.7 |2 2011 | ||
| 080 | |a 379.8(051) |2 2011 | ||
| 080 | |a 050 |2 2011 | ||
| 210 | 0 | |a Humorné kríž. | |
| 222 | 0 | |a Humorné krížovky | |
| 245 | 0 | 0 | |a Humorné krížovky |
| 260 | |a Prievidza |b Subako print s.r.o. |c 2017- | ||
| 260 | 2 | |3 1/2018 |a Prievidza |b Krížovkársky-raj | |
| 260 | 3 | |3 2/2018- |a Bratislava |b Krížovkársky-raj | |
| 300 | |a zv. |c 21 cm | ||
| 310 | |a 6x ročne | ||
| 362 | 0 | |a Roč. 1, č. 1 (febr./marec 2017)- | |
| 500 | |a Registračné č.: EV 5490/17 | ||
| 515 | |a Posledné dec. číslo (6) v roku je vydané spolu s jan. číslom nasledujúceho roku | ||
| 650 | 0 | 7 | |a krížovky |2 SNKPH |9 3313 |
| 655 | 7 | |a časopisy na voľný čas |2 SNKPH |9 270540 | |
| 910 | |a snk | ||
| 999 | |c 13572 |d 15502 | ||
| 952 | |t č. febr.-dec./jan. |a SNK |b SNK |y PREZ |7 0 |p 17A1466163 |o snkČSC 4071/5/2021-2022 |i snk2023/6939 |8 0 |0 0 |1 0 |4 0 |d 2023-04-28 |l 0 |r 2026-02-21 19:47:10 |w 2026-02-21 | ||
| 952 | |t č. febr.-dec./jan., neúplné |a SNK |b SNK |y PREZ |7 0 |p 17A1466164 |o snkČSC 4071/6/2022-2023 |i snk2023/6950 |8 0 |z Chýba č. 2 (febr.-marec) |0 0 |1 0 |4 0 |d 2023-04-28 |l 0 |r 2026-02-21 19:47:11 |w 2026-02-21 | ||
| 952 | |t č. febr.-dec./jan. |a SNK |b SNK |y PREZ |7 0 |p 17A1435556 |o snkČSC 4071/4/2020-2021 |i snk2021/10014 |8 0 |0 0 |1 0 |4 0 |d 2021-08-09 |l 0 |r 2026-02-21 19:59:28 |w 2026-02-21 | ||
| 952 | |t č. febr.-dec./jan. |a SNK |b SNK |c SNK_KF |y PREZ |7 8 |p 17A1558664 |o snkČSC 4071/7/2023-2024 |i snk2026/480 |8 0 |0 0 |1 0 |4 0 |d 2026-01-14 |l 0 |r 2026-02-21 20:04:13 |w 2026-02-21 | ||
| 952 | |t č. febr.-dec./jan. |a SNK |b SNK |c SNK_KF |y PREZ |7 8 |p 17A1558665 |o snkČSC 4071/8/2024-2025 |i snk2026/481 |8 0 |0 0 |1 0 |4 0 |d 2026-01-14 |l 0 |r 2026-02-21 20:04:13 |w 2026-02-21 | ||
| 952 | |t č. febr.-dec./jan. |a SNK |b SNK |y PREZ |7 0 |p 17A1386273 |o snkČSC 4071/2/2018-2019 |i snk2020/2217 |8 0 |0 0 |1 0 |4 0 |d 2020-01-31 |l 0 |r 2026-02-21 22:05:50 |w 2026-02-21 | ||
| 952 | |t č. febr.-dec./jan. |a SNK |b SNK |y PREZ |7 0 |p 17A1386272 |o snkČSC 4071/1/2017-2018 |i snk2020/2216 |8 0 |0 0 |1 0 |4 0 |d 2020-01-31 |l 0 |r 2026-02-21 22:05:50 |w 2026-02-21 | ||
| 952 | |t č. febr.-dec./jan. |a SNK |b SNK |y PREZ |7 0 |p 17A1386274 |o snkČSC 4071/3/2019-2020 |i snk2020/2228 |8 0 |0 0 |1 0 |4 0 |d 2020-01-31 |l 0 |r 2026-02-21 22:05:50 |w 2026-02-21 | ||


